| 000 | 00932cam a22002297i 4500 | ||
|---|---|---|---|
| 999 |
_c58181 _d58181 |
||
| 001 | 19166904 | ||
| 005 | 20240123120320.0 | ||
| 008 | 160707s2016 enga f 001 0 eng | ||
| 020 | _a9781617292231 X | ||
| 041 | _aeng | ||
| 080 | _a004.724.2 B-10 | ||
| 100 | 1 |
_aBhargava, Aditya Y., _912347 |
|
| 245 | 1 | 0 |
_aGrokking algorithms : _ban illustrated guide for programmers and other curious people / _cAditya Y. Bhargava. |
| 264 | 1 |
_aShelter Island : _bManning, _c[2016]. |
|
| 300 |
_axviii, 238 pages : _billustrations ; _c24 cm |
||
| 653 | _aGrokking Algorithms An illustrated guide for programmers and other curious people | ||
| 653 | _aსაინფორმაციო ტექნოლოგიები | ||
| 653 | _aИнформационные технологии | ||
| 653 | _aალგორითმები | ||
| 653 | _aკომპიუტერული პროგრამები | ||
| 942 |
_2udc _cBK |
||